Els Ajuntaments davant la nova ordenació del sistema educatiu / Joan Mestres
Descripción Física:
93 p. ; 24 cm
Colección:
Temes d'educació ; 4
MARC
| LEADER | 00000nam a2200000Ia 4500 | ||
|---|---|---|---|
| 001 | 9462 | ||
| 008 | 160829s1991 xx 000 0 cat d | ||
| 080 | |a E-1-62 | ||
| 100 | |a Mestres i Gavarró, Joan |9 28865 | ||
| 245 | |a Els Ajuntaments davant la nova ordenació del sistema educatiu / Joan Mestres | ||
| 260 | |a Barcelona : |b Diputació de Barcelona, Àrea d'Educació, |c 1991 | ||
| 300 | |a 93 p. ; |c 24 cm | ||
| 490 | |a Temes d'educació ; 4 | ||
| 650 | |a Planificació educativa |x Catalunya |9 28867 | ||
| 651 | 0 | |a Catalunya |x Política educativa |9 56252 | |
| 710 | |a Barcelona (Catalunya : Província). |b Àrea d'Educació |9 8009 | ||
| 901 | |a Arxiu | ||
| 942 | |n 1 | ||
| 952 | |0 0 |1 0 |4 0 |6 E162 |7 1 |9 44962 |a Arxiu |b Arxiu |d 2016-12-01 |l 0 |o E-1-62 |p 9462 |r 2016-12-01 00:00:00 |w 2016-12-01 |y ARXIU | ||
| 999 | |c 47561 |d 47561 | ||